Ferro-carril del Norte : (Record no. 138357)

MARC details
000 -LEADER
campo de control de longitud fija 00906nam a2200205 i 4500
001 - NÚMERO DE CONTROL
campo de control 138357
003 - IDENTIFICADOR DE NÚMERO DE CONTROL
campo de control ES-MaACL
005 - FECHA Y HORA DE LA ÚLTIMA TRANSACCIÓN
campo de control 20230906195542.0
007 - CAMPO FIJO DE DESCRIPCIÓN FÍSICA--INFORMACIÓN GENERAL
campo de control de longitud fija t|
008 - DATOS DE LONGITUD FIJA--INFORMACIÓN GENERAL
campo de control de longitud fija 190503s1854 sp r ||||1| spa d
110 2# - ENTRADA PRINCIPAL--NOMBRE DE ENTIDAD CORPORATIVA
Nombre de entidad corporativa o nombre de jurisdicción como elemento de entrada Compañia de los Caminos de Hierro del Norte de España.
9 (RLIN) 3117
245 10 - MENCIÓN DEL TÍTULO
Título Ferro-carril del Norte :
Resto del título observaciones acerca de los trazados de la primera sección, cuya preferencia se disputan Segovia y Ávila /
Mención de responsabilidad, etc. mandadas publicar por la Comisión Permanente de la Diputación de Segovia y Ayuntamiento de su capital.
260 ## - PUBLICACIÓN, DISTRIBUCIÓN, ETC.
Lugar de publicación, distribución, etc. Madrid :
Nombre del editor, distribuidor, etc. [s.n.],
Fecha de publicación, distribución, etc. 1854 (
Fabricante Imp. del Colegio de Sordo-mudos y de Ciegos)
300 ## - DESCRIPCIÓN FÍSICA
Extensión 54 p. ;
Dimensiones 22 cm.
650 ## - PUNTO DE ACCESO ADICIONAL DE MATERIA--TÉRMINO DE MATERIA
Término de materia o nombre geográfico como elemento de entrada Ferrocarriles-
Subdivisión geográfica Segovia (Provincia)
9 (RLIN) 175872
650 #4 - PUNTO DE ACCESO ADICIONAL DE MATERIA--TÉRMINO DE MATERIA
Término de materia o nombre geográfico como elemento de entrada Ferrocarriles-
Subdivisión geográfica Ávila (Provincia)
9 (RLIN) 166958
710 1# - ENTRADA AGREGADA--NOMBRE DE ENTIDAD CORPORATIVA
Nombre de entidad corporativa o nombre de jurisdicción como elemento de entrada Segovia (Provincia).
Unidad subordinada Diputación.
9 (RLIN) 175871
852 4# - LOCALIZACIÓN
Ubicación ES-MaACL
Número de control de estantería T-34-F-17
852 4# - LOCALIZACIÓN
Ubicación ES-MaACL
Número de control de estantería T-43-F-12
Holdings
Estatus retirado Estado de pérdida Estado de daño No para préstamo Colección Biblioteca de origen Biblioteca actual Ubicación en estantería Fecha de adquisición Fuente de adquisición Total de préstamos Signatura topográfica completa Código de barras Visto por última vez Precio de reemplazo Tipo de ítem Koha
        Colección de folletos Biblioteca del Ateneo de Madrid Biblioteca del Ateneo de Madrid Depósito folletos 24/11/2022     T-34-F-17 1204776 23/02/2023 23/02/2023 Folleto
        Colección de folletos Biblioteca del Ateneo de Madrid Biblioteca del Ateneo de Madrid Depósito folletos 03/05/2019     T-43-F-12 1200485 23/02/2023 23/02/2023 Folleto